000 00914na a2200229 4500
001 15920
003 MIRAKIL
005 20181213154938.0
008 161108b tu 000 0
040 _aMilas
_btur
_cTR-AnCHP
082 _aCHP 346.3
_bE13d 1975
090 _aCHP 346.3 E13d 1975
100 _aEcevit, Bülent
_d1925-2006
245 _aDemirel demek,yolsuzluk ve yalan...
_bDemirel yönetimi demek, kardeşler ve yeğenlerin soygun düzeni demektir.
_cBülent Ecevit
260 _aAnkara
_b[yay.y.]
_c1975
_fAjans-Türk Matbacılık
300 _a24 s.
_c16 sm.
500 _aKitabın tam adı: Demirel demek,yolsuzluk ve yalan demektir. Devlet kasasını talan demektir.
500 _aBu kitap cumhuriyet halk partisi genel başkanı Bülent Ecevit'in konuşmalarından oluşmaktadır.
600 _aDemirel,Süleyman
_xYolsuzluklar
600 _aEcevit, Bülent
_xKonuşmalar
942 _2dcc
_cBKS
999 _c3637
_d3637